[Event "Titled Tuesday intern op 06th May Early"]
[Site "Chess.com INT"]
[Date "2025.05.06"]
[Round "7"]
[White "Janaszak, Dawid"]
[Black "Sabatier, Mathis"]
[Result "1/2-1/2"]
[WhiteElo "2306"]
[BlackElo "2235"]
[PlyCount "87"]
[EventDate "2025.05.06"]
[EventType "swiss (blitz)"]
[EventRounds "11"]
[EventCountry "USA"]
[SourceTitle "CB20_2025"]
[SourceDate "2025.05.14"]
[SourceVersion "1"]
[SourceVersionDate "2025.05.14"]
[SourceQuality "1"]

1. e4 e5 2. d4 exd4 3. Bc4 Nf6 4. Nf3 Nc6 5. Ng5 Ne5 6. Bb3 h6 7. f4 hxg5 8. fxe5 Nxe4 9. Bd5 Bb4+ 10. c3 dxc3 11. bxc3 Nxc3 12. Bxf7+ Kxf7 13. Qf3+ Ke8 14. Nxc3 Qe7 15. 0-0 Qc5+ 16. Be3 Qe7 17. Nd5 Qxe5 18. Qf7+ Kd8 19. h3 c6 20. Bxg5+ Qxg5 21. Nxb4 Qc5+ 22. Kh1 Qxb4 23. Qxg7 Re8 24. Rad1 d5 25. Rf7 Bxh3 26. gxh3 Qe4+ 27. Qg2 Qxg2+ 28. Kxg2 Rc8 29. Rxb7 Rc7 30. Rb8+ Kd7 31. Rb4 Rg8+ 32. Kh2 Kd6 33. Rf4 Rcg7 34. Rf6+ Ke5 35. Rxc6 Rg2+ 36. Kh1 R2g3 37. Kh2 Rg2+ 38. Kh1 Rxa2 39. Rc5 Rgg2 40. Rcxd5+ Ke4 41. R5d4+ Ke5 42. Rd5+ Ke4 43. R5d4+ Ke5 44. Rd5+ 1/2-1/2

[Event "Titled Tuesday intern op 06th May Early"]
[Site "Chess.com INT"]
[Date "2025.05.06"]
[Round "3"]
[White "Kis, Lorand Bela"]
[Black "Sabatier, Mathis"]
[Result "0-1"]
[WhiteElo "1955"]
[BlackElo "2235"]
[PlyCount "70"]
[EventDate "2025.05.06"]
[EventType "swiss (blitz)"]
[EventRounds "11"]
[EventCountry "USA"]
[SourceTitle "CB20_2025"]
[SourceDate "2025.05.14"]
[SourceVersion "1"]
[SourceVersionDate "2025.05.14"]
[SourceQuality "1"]

1. d4 d5 2. c4 dxc4 3. Nf3 Nf6 4. e3 a6 5. a4 c5 6. Bxc4 Nc6 7. 0-0 Bg4 8. dxc5 e6 9. Be2 Bxc5 10. Nc3 Qc7 11. Bd2 Rd8 12. Rc1 0-0 13. Qc2 Bd6 14. h3 Bf5 15. e4 Bg6 16. Rfd1 Nb4 17. Qb1 Qb8 18. Be3 Nh5 19. Nh4 Nf4 20. Nxg6 Nxe2+ 21. Nxe2 hxg6 22. Bb6 Rc8 23. Rxc8 Rxc8 24. Rc1 Bh2+ 25. Kf1 Be5 26. g3 Rxc1+ 27. Qxc1 Qd6 28. Bc5 Qd3 29. Bxb4 Qxe4 30. Bc3 Bd6 31. Ng1 Bc5 32. Qd1 Qc4+ 33. Kg2 Qe4+ 34. Kh2 Bxf2 35. Qf3 Bxg1+ 0-1

[Event "Titled Tuesday intern op 06th May Early"]
[Site "Chess.com INT"]
[Date "2025.05.06"]
[Round "1"]
[White "Nguyen, Quang Anh"]
[Black "Sabatier, Mathis"]
[Result "1-0"]
[WhiteElo "2052"]
[BlackElo "2235"]
[PlyCount "115"]
[EventDate "2025.05.06"]
[EventType "swiss (blitz)"]
[EventRounds "11"]
[EventCountry "USA"]
[SourceTitle "CB20_2025"]
[SourceDate "2025.05.14"]
[SourceVersion "1"]
[SourceVersionDate "2025.05.14"]
[SourceQuality "1"]

1. d4 d5 2. c4 dxc4 3. e4 Nc6 4. Nf3 Bg4 5. Be3 e6 6. Bxc4 Qf6 7. e5 Qg6 8. Nc3 0-0-0 9. Bd3 Qh5 10. Be4 Nge7 11. Qa4 Kb8 12. 0-0-0 Nd5 13. h3 Bf5 14. g4 Bxe4 15. gxh5 Bxf3 16. Rhg1 Nxc3 17. bxc3 Bxd1 18. Rxd1 Rd5 19. Kc2 Ra5 20. Qc4 Be7 21. Rb1 Ka8 22. a4 Rd8 23. Rg1 g6 24. hxg6 hxg6 25. Rh1 Bf8 26. h4 Ne7 27. Qxc7 Rad5 28. h5 Rc8 29. Qxc8+ Nxc8 30. hxg6 fxg6 31. Rh8 Rd8 32. Bg5 Re8 33. Bh6 Bxh6 34. Rxe8 Kb8 35. Rxe6 Nb6 36. Rxg6 Bf4 37. Kd3 Bc1 38. a5 Nd5 39. Rg8+ Kc7 40. Rg7+ Kc6 41. c4 Nf4+ 42. Ke4 Nh5 43. Rg6+ Kd7 44. Rd6+ Ke7 45. a6 b6 46. Rc6 Kd7 47. d5 Ba3 48. e6+ Ke7 49. Rc7+ Kd6 50. Rd7+ Kc5 51. Rxa7 Nf6+ 52. Kf5 Ne8 53. Ra8 Nd6+ 54. Kf4 Bb2 55. e7 Kxc4 56. e8Q Nxe8 57. Rxe8 Kxd5 58. a7 1-0

[Event "Titled Tuesday intern op 06th May Early"]
[Site "Chess.com INT"]
[Date "2025.05.06"]
[Round "6"]
[White "Sabatier, Mathis"]
[Black "Asish, Panda"]
[Result "1-0"]
[WhiteElo "2235"]
[BlackElo "1911"]
[PlyCount "67"]
[EventDate "2025.05.06"]
[EventType "swiss (blitz)"]
[EventRounds "11"]
[EventCountry "USA"]
[SourceTitle "CB20_2025"]
[SourceDate "2025.05.14"]
[SourceVersion "1"]
[SourceVersionDate "2025.05.14"]
[SourceQuality "1"]

1. e4 e6 2. Nf3 d5 3. e5 c5 4. b4 d4 5. bxc5 Bxc5 6. Bd3 Nc6 7. 0-0 Nge7 8. Ba3 Bxa3 9. Nxa3 h6 10. Nb5 0-0 11. Qe2 Nf5 12. Qe4 a6 13. Nd6 g6 14. Nxf5 exf5 15. Qf4 Kg7 16. h4 Be6 17. a4 Rc8 18. Rab1 Rc7 19. Rb2 a5 20. Rfb1 Nb4 21. Nxd4 Nxd3 22. cxd3 Bd5 23. h5 Qd7 24. Rb6 Rcc8 25. Qg3 g5 26. Rf6 Be6 27. Nf3 Rg8 28. d4 g4 29. Qf4 Kf8 30. Qxh6+ Ke7 31. Ng5 Rcf8 32. Nxe6 fxe6 33. Rxe6+ Kf7 34. Qf6# 1-0

[Event "Titled Tuesday intern op 06th May Early"]
[Site "Chess.com INT"]
[Date "2025.05.06"]
[Round "2"]
[White "Sabatier, Mathis"]
[Black "Mendes Domingues, Ribeiro Matheus"]
[Result "0-1"]
[WhiteElo "2235"]
[BlackElo "2294"]
[PlyCount "74"]
[EventDate "2025.05.06"]
[EventType "swiss (blitz)"]
[EventRounds "11"]
[EventCountry "USA"]
[SourceTitle "CB20_2025"]
[SourceDate "2025.05.14"]
[SourceVersion "1"]
[SourceVersionDate "2025.05.14"]
[SourceQuality "1"]

1. e4 c5 2. Nf3 Nc6 3. Bb5 e6 4. Bxc6 bxc6 5. d3 Ne7 6. Nbd2 d6 7. 0-0 e5 8. Nh4 Ng6 9. Nf5 Ne7 10. f4 Nxf5 11. exf5 exf4 12. Nc4 Be7 13. Bxf4 0-0 14. f6 Bxf6 15. Bxd6 Re8 16. Bxc5 Be6 17. Nd6 Bxb2 18. Nxe8 Bxa1 19. Qxa1 Qxe8 20. Bd4 f6 21. Qc3 Bxa2 22. h4 Bd5 23. Rf4 Qg6 24. Rf2 a5 25. Bc5 a4 26. Ba3 Re8 27. Qb4 Qg3 28. Re2 Kf7 29. Qb7+ Kg6 30. h5+ Kxh5 31. Re4 Bxe4 32. dxe4 Rxe4 33. Qf7+ g6 34. Qxh7+ Kg5 35. Bc1+ Kf5 36. Qd7+ Re6 37. Qd1 Re1+ 0-1

[Event "Titled Tuesday intern op 25th Feb Early"]
[Site "Chess.com INT"]
[Date "2025.02.25"]
[Round "7"]
[White "Bettalli, Francesco"]
[Black "Sabatier, Mathis"]
[Result "1-0"]
[WhiteElo "2351"]
[BlackElo "2205"]
[PlyCount "89"]
[EventDate "2025.02.25"]
[EventType "swiss (blitz)"]
[EventRounds "11"]
[EventCountry "USA"]
[SourceTitle "CB10_2025"]
[SourceDate "2025.03.05"]
[SourceVersion "1"]
[SourceVersionDate "2025.03.05"]
[SourceQuality "1"]

1. Nf3 d5 2. b3 Nf6 3. e3 e6 4. Bb2 Be7 5. Be2 0-0 6. 0-0 c5 7. c4 Nc6 8. cxd5 exd5 9. d4 b6 10. Nc3 Bb7 11. Rc1 Re8 12. dxc5 bxc5 13. Na4 Ne4 14. Bd3 Qa5 15. a3 Rab8 16. Qe1 c4 17. Bxe4 dxe4 18. Ne5 Qxe1 19. Rfxe1 Bxa3 20. Nxc6 Bxb2 21. Nxb8 Bxc1 22. Rxc1 Rxb8 23. bxc4 f5 24. Nc5 Bc6 25. h3 Rb4 26. Ne6 a5 27. Nd4 Bd7 28. c5 Rb8 29. c6 Bc8 30. Rc5 Ra8 31. Rc3 Kf7 32. Kh2 Ke7 33. Kg3 Kd6 34. Kf4 g6 35. Kg5 a4 36. Ra3 Kd5 37. Kh6 Ra7 38. Nb5 Ra5 39. Nc3+ Kxc6 40. Rxa4 Rc5 41. Ne2 Kd6 42. Nd4 Rc7 43. Nb5+ Kc6 44. Nxc7 Kxc7 45. Kxh7 1-0

[Event "Titled Tuesday intern op 25th Feb Early"]
[Site "Chess.com INT"]
[Date "2025.02.25"]
[Round "8"]
[White "Mogollon Tobar, Nicolle Juliet"]
[Black "Sabatier, Mathis"]
[Result "0-1"]
[WhiteElo "2063"]
[BlackElo "2205"]
[PlyCount "138"]
[EventDate "2025.02.25"]
[EventType "swiss (blitz)"]
[EventRounds "11"]
[EventCountry "USA"]
[SourceTitle "CB10_2025"]
[SourceDate "2025.03.05"]
[SourceVersion "1"]
[SourceVersionDate "2025.03.05"]
[SourceQuality "1"]

1. e4 e5 2. Nf3 Nc6 3. Bc4 Nf6 4. d3 Be7 5. c3 0-0 6. 0-0 d5 7. exd5 Nxd5 8. Re1 Bg4 9. h3 Bh5 10. Nbd2 Nb6 11. Bb5 Bd6 12. Qc2 Nb8 13. Nxe5 a6 14. Bc4 Re8 15. Ndf3 Nxc4 16. dxc4 Nd7 17. Nxd7 Bxf3 18. Rxe8+ Qxe8 19. Nf6+ gxf6 20. gxf3 Qe1+ 21. Kg2 Re8 22. Qf5 Re2 23. Qg4+ Kh8 24. Be3 Qxa1 25. Bh6 Rxf2+ 26. Kxf2 Qxb2+ 27. Kf1 Qb1+ 28. Kf2 Qc2+ 29. Kf1 Qb1+ 30. Kf2 Qc2+ 31. Ke1 Qg6 32. Qc8+ Qg8 33. Qxg8+ Kxg8 34. Ke2 Bf8 35. Bf4 c6 36. Kd3 Bg7 37. Ke4 Kf8 38. Kf5 Ke7 39. h4 h5 40. Bb8 Kd7 41. Ba7 Kc7 42. Bd4 b5 43. c5 Kd7 44. a3 Ke7 45. f4 Kd7 46. Bxf6 Bf8 47. Kg5 Bxc5 48. Kxh5 Be3 49. Kg5 Ke6 50. h5 Bxf4+ 51. Kxf4 Kxf6 52. Ke4 Kg5 53. Kd4 Kxh5 54. Kc5 f5 55. Kxc6 f4 56. Kb6 f3 57. Kxa6 f2 58. Kxb5 f1Q+ 59. c4 Kg5 60. a4 Kf5 61. a5 Ke6 62. a6 Kd7 63. a7 Qb1+ 64. Ka6 Kc7 65. a8Q Qa1+ 66. Kb5 Qxa8 67. c5 Qc6+ 68. Kc4 Kd7 69. Kb4 Ke6 0-1

[Event "Titled Tuesday intern op 25th Feb Early"]
[Site "Chess.com INT"]
[Date "2025.02.25"]
[Round "2"]
[White "Sabatier, Mathis"]
[Black "Slaby, Jerzy"]
[Result "1-0"]
[WhiteElo "2205"]
[BlackElo "2464"]
[PlyCount "46"]
[EventDate "2025.02.25"]
[EventType "swiss (blitz)"]
[EventRounds "11"]
[EventCountry "USA"]
[SourceTitle "CB10_2025"]
[SourceDate "2025.03.05"]
[SourceVersion "1"]
[SourceVersionDate "2025.03.05"]
[SourceQuality "1"]

1. e4 c6 2. Nf3 d5 3. Nc3 Bg4 4. h3 Bxf3 5. Qxf3 e6 6. Be2 Nf6 7. 0-0 Be7 8. e5 Nfd7 9. d4 c5 10. Qg3 g6 11. Nb5 cxd4 12. Nd6+ Bxd6 13. exd6 Nc6 14. Re1 e5 15. Bf3 0-0 16. Bxd5 Ndb8 17. Rxe5 Qxd6 18. Bxf7+ Kg7 19. Bh6+ Kxh6 20. Rh5+ Kxh5 21. Qxd6 Rxf7 22. Qd5+ Rf5 23. g4+ Kg5 1-0

[Event "Titled Tuesday intern op 04th Feb Late"]
[Site "Chess.com INT"]
[Date "2025.02.04"]
[Round "7"]
[White "Mora Velasco, Alma Jaqueline"]
[Black "Sabatier, Mathis"]
[Result "0-1"]
[WhiteElo "1884"]
[BlackElo "2205"]
[PlyCount "56"]
[EventDate "2025.02.04"]
[EventType "swiss (blitz)"]
[EventRounds "11"]
[EventCountry "USA"]
[SourceTitle "CB07_2025"]
[SourceDate "2025.02.12"]
[SourceVersion "1"]
[SourceVersionDate "2025.02.12"]
[SourceQuality "1"]

1. e4 e5 2. Nf3 Nc6 3. Bc4 Nf6 4. Ng5 d5 5. exd5 Na5 6. Bb5+ c6 7. dxc6 bxc6 8. Bd3 Nd5 9. Nf3 Bd6 10. 0-0 0-0 11. Re1 Re8 12. h3 f5 13. Bf1 e4 14. Nd4 Qf6 15. c4 Nxc4 16. Bxc4 Qxd4 17. Bb3 Qe5 18. g3 f4 19. d4 Qf5 20. g4 Qg6 21. Nc3 f3 22. Nxd5 cxd5 23. Bxd5+ Kh8 24. g5 Bxh3 25. Bxa8 Rxa8 26. Qc2 Re8 27. Qa4 Qh5 28. Kh1 Bg2+ 0-1

[Event "Titled Tuesday intern op 04th Feb Late"]
[Site "Chess.com INT"]
[Date "2025.02.04"]
[Round "10"]
[White "Pham, Tran Gia Phuc"]
[Black "Sabatier, Mathis"]
[Result "0-1"]
[WhiteElo "2433"]
[BlackElo "2205"]
[PlyCount "58"]
[EventDate "2025.02.04"]
[EventType "swiss (blitz)"]
[EventRounds "11"]
[EventCountry "USA"]
[SourceTitle "CB07_2025"]
[SourceDate "2025.02.12"]
[SourceVersion "1"]
[SourceVersionDate "2025.02.12"]
[SourceQuality "1"]

1. e4 e5 2. Nf3 Nc6 3. d4 exd4 4. Nxd4 Qf6 5. Nf3 Bc5 6. Nc3 Nge7 7. Bg5 Qg6 8. Bd3 0-0 9. Qe2 h6 10. e5 Qe6 11. Ne4 Bb6 12. Bf6 Ng6 13. Nfg5 Qe8 14. Qh5 Ncxe5 15. 0-0 Nxd3 16. cxd3 d5 17. Bxg7 Kxg7 18. Nf6 Kxf6 19. Qxh6 Rh8 20. Nh7+ Rxh7 21. Qxh7 Bf5 22. Qh5 Qh8 23. Qf3 Rg8 24. Rae1 Qh4 25. g3 Qh3 26. Qxd5 Nf4 27. Qh1 Rxg3+ 28. hxg3 Qxg3+ 29. Qg2 Qxg2# 0-1

[Event "Titled Tuesday intern op 04th Feb Late"]
[Site "Chess.com INT"]
[Date "2025.02.04"]
[Round "9"]
[White "Sabatier, Mathis"]
[Black "Ferreira, Enzo Suzarte"]
[Result "1/2-1/2"]
[WhiteElo "2205"]
[BlackElo "2051"]
[PlyCount "137"]
[EventDate "2025.02.04"]
[EventType "swiss (blitz)"]
[EventRounds "11"]
[EventCountry "USA"]
[SourceTitle "CB07_2025"]
[SourceDate "2025.02.12"]
[SourceVersion "1"]
[SourceVersionDate "2025.02.12"]
[SourceQuality "1"]

1. e4 Nf6 2. Nc3 e5 3. Nf3 Nc6 4. d4 exd4 5. Nd5 h6 6. Bc4 Bc5 7. 0-0 0-0 8. a3 a5 9. Bf4 d6 10. Bg3 Nxe4 11. Bh4 g5 12. Bg3 Be6 13. b4 axb4 14. axb4 Rxa1 15. Qxa1 Nxg3 16. hxg3 Nxb4 17. Nxb4 Bxc4 18. Nd3 Qf6 19. Nd2 Bxd3 20. cxd3 Re8 21. Ne4 Qe6 22. Qa5 b6 23. Qb5 Kg7 24. Ra1 f5 25. Nd2 Re7 26. Nf3 Qd7 27. Qb2 Qe6 28. Nxd4 Qf6 29. Nxf5+ Kf7 30. Qxf6+ Kxf6 31. Nxe7 Kxe7 32. Kf1 b5 33. Ke2 d5 34. f4 gxf4 35. gxf4 Bd6 36. Kf3 b4 37. g4 c5 38. Rh1 c4 39. dxc4 dxc4 40. Ke4 b3 41. Kd4 Bxf4 42. Kxc4 b2 43. Kb3 Bc1 44. Kc2 Kf6 45. Rh5 Kg6 46. Rb5 Kf6 47. Kd3 Kg6 48. Ke4 Kf6 49. Kf3 Kg6 50. Kg3 Kf6 51. Kh4 Kg6 52. Rb6+ Kg7 53. Kh5 Kf7 54. Rb7+ Kf6 55. Rb5 Ke6 56. Kg6 Kd6 57. Kf5 Kc6 58. Rb8 Kc7 59. Rb3 Kc6 60. Ke4 Kc5 61. Kd3 Kd5 62. Kc2 Kc4 63. Rh3 Kd4 64. Rh5 Ke4 65. Rf5 Ke3 66. Rf7 Ke4 67. Rf5 Kd4 68. Rf7 Ke4 69. Rf5 1/2-1/2

[Event "Titled Tuesday intern op 04th Feb Late"]
[Site "Chess.com INT"]
[Date "2025.02.04"]
[Round "3"]
[White "Sabatier, Mathis"]
[Black "Hamitevici, Vladimir"]
[Result "0-1"]
[WhiteElo "2205"]
[BlackElo "2423"]
[PlyCount "92"]
[EventDate "2025.02.04"]
[EventType "swiss (blitz)"]
[EventRounds "11"]
[EventCountry "USA"]
[SourceTitle "CB07_2025"]
[SourceDate "2025.02.12"]
[SourceVersion "1"]
[SourceVersionDate "2025.02.12"]
[SourceQuality "1"]

1. e4 Nc6 2. Nf3 d6 3. d4 Nf6 4. Nbd2 Bg4 5. c3 e6 6. Bd3 Be7 7. h3 Bh5 8. Qb3 Qc8 9. d5 Nd8 10. 0-0 0-0 11. c4 Nd7 12. Qc2 Nc5 13. b4 Nxd3 14. Qxd3 Bf6 15. Rb1 a5 16. b5 b6 17. Bb2 e5 18. a4 Nb7 19. Nb3 Be7 20. Bc1 Bg6 21. Bg5 Bxg5 22. Nxg5 Qd8 23. Qe3 h6 24. Nf3 f5 25. exf5 Bxf5 26. Rbe1 Qf6 27. Nh2 Qg6 28. f4 Bd3 29. Rf3 Bxc4 30. fxe5 dxe5 31. Ng4 Rxf3 32. Qxf3 Rf8 33. Qc3 Bxb3 34. Qxb3 Nc5 35. Qe3 e4 36. Qd4 Qf5 37. Qe3 h5 38. Nf2 Qxf2+ 39. Qxf2 Rxf2 40. Kxf2 Nd3+ 41. Ke2 Nxe1 42. Kxe1 Kf7 43. Ke2 Kf6 44. Ke3 Ke5 45. g4 hxg4 46. hxg4 g5 0-1

[Event "Titled Tuesday intern op 04th Feb Early"]
[Site "Chess.com INT"]
[Date "2025.02.04"]
[Round "6"]
[White "Sabatier, Mathis"]
[Black "Noy, Eyal"]
[Result "0-1"]
[WhiteElo "2205"]
[BlackElo "2301"]
[PlyCount "86"]
[EventDate "2025.02.04"]
[EventType "swiss (blitz)"]
[EventRounds "11"]
[EventCountry "USA"]
[SourceTitle "CB07_2025"]
[SourceDate "2025.02.12"]
[SourceVersion "1"]
[SourceVersionDate "2025.02.12"]
[SourceQuality "1"]

1. e4 c5 2. Nf3 e6 3. c3 d5 4. e5 d4 5. cxd4 cxd4 6. d3 Nc6 7. Nbd2 Nge7 8. Nc4 Ng6 9. Bg5 Qd5 10. Be2 Ngxe5 11. Bf4 Nxc4 12. dxc4 Qe4 13. Bg3 Nb4 14. 0-0 d3 15. Re1 dxe2 16. Rxe2 Qxc4 17. Rc1 Qxa2 18. Bh4 Nd5 19. Ra1 Qc4 20. Ra4 Qb5 21. Rd4 Bc5 22. Rxd5 0-0 23. Rh5 Bxf2+ 24. Bxf2 Qxh5 25. Re5 Qg4 26. Rg5 Qe4 27. Bd4 f6 28. Rg3 e5 29. Qb3+ Kh8 30. Bc5 Rg8 31. Qf7 Bg4 32. h3 Bxf3 33. Rxf3 Qg6 34. Qxb7 Rgb8 35. Qd5 Rd8 36. Qc6 Rac8 37. Qb5 Rd5 38. Rc3 Qe8 39. Qb7 Rdxc5 40. Rg3 Rc1+ 41. Kh2 R1c7 42. Qe4 Rc4 43. Qh4 Rxh4 0-1

[Event "Titled Tuesday intern op 04th Feb Late"]
[Site "Chess.com INT"]
[Date "2025.02.04"]
[Round "6"]
[White "Sabatier, Mathis"]
[Black "Oluka, Robert Mcligeyo"]
[Result "1/2-1/2"]
[WhiteElo "2205"]
[BlackElo "2027"]
[PlyCount "118"]
[EventDate "2025.02.04"]
[EventType "swiss (blitz)"]
[EventRounds "11"]
[EventCountry "USA"]
[SourceTitle "CB07_2025"]
[SourceDate "2025.02.12"]
[SourceVersion "1"]
[SourceVersionDate "2025.02.12"]
[SourceQuality "1"]

1. e4 c5 2. Nf3 d6 3. d4 cxd4 4. Nxd4 Nf6 5. Nc3 a6 6. h3 Nc6 7. g4 g6 8. g5 Nd7 9. Bc4 Bg7 10. Be3 Nde5 11. Bb3 Nxd4 12. Bxd4 Nf3+ 13. Qxf3 Bxd4 14. Qxf7+ Kd7 15. 0-0-0 Bxc3 16. bxc3 Kc7 17. e5 Kb8 18. exd6 exd6 19. Rhe1 Qxg5+ 20. Kb1 Ka7 21. Rxd6 Qc5 22. Qf6 Bxh3 23. Rd5 Qb6 24. Qf3 Be6 25. Rde5 Bxb3 26. cxb3 Rac8 27. Re7 Rhd8 28. R1e6 Qb5 29. Qe3+ Qc5 30. Qf3 Rb8 31. Re5 Qd6 32. Qe3+ Qb6 33. Rxh7 Rd1+ 34. Kc2 Ra1 35. Qxb6+ Kxb6 36. Re6+ Ka7 37. Kb2 Rd1 38. f4 Rd2+ 39. Ka3 Rf2 40. Rf7 Rd8 41. Ree7 Rb8 42. c4 a5 43. c5 Ka6 44. b4 axb4+ 45. Kxb4 Rxa2 46. Kc4 Rf2 47. Re6+ Ka7 48. Rxg6 Rc8 49. Rgg7 Rc2+ 50. Kb3 R2xc5 51. Rxb7+ Ka6 52. Ra7+ Kb5 53. Rgb7+ Kc6 54. Rf7 Rd8 55. Rae7 Rd3+ 56. Kb4 Rd4+ 57. Kb3 Rd3+ 58. Kb2 Rd2+ 59. Kb3 Rd3+ 1/2-1/2

[Event "Titled Tuesday intern op 28th Jan Early"]
[Site "Chess.com INT"]
[Date "2025.01.28"]
[Round "11"]
[White "Kshatriya, Nitin Vekhande"]
[Black "Sabatier, Mathis"]
[Result "1/2-1/2"]
[WhiteElo "2133"]
[BlackElo "2211"]
[PlyCount "111"]
[EventDate "2025.01.28"]
[EventType "swiss (blitz)"]
[EventRounds "11"]
[EventCountry "USA"]
[SourceTitle "CB06_2025"]
[SourceDate "2025.02.05"]
[SourceVersion "1"]
[SourceVersionDate "2025.02.05"]
[SourceQuality "1"]

1. e4 e5 2. Nf3 Nc6 3. Bb5 a6 4. Bxc6 dxc6 5. d4 exd4 6. Qxd4 Qxd4 7. Nxd4 Bd7 8. Be3 Nf6 9. f3 0-0-0 10. Nd2 Bd6 11. 0-0-0 Rhe8 12. Nc4 c5 13. Ne2 Bb5 14. Nxd6+ cxd6 15. Nc3 Bc6 16. Bg5 Re6 17. Rd2 h6 18. Bxf6 Rxf6 19. Rhd1 Kc7 20. a3 Rg6 21. Rf2 Re8 22. Rfd2 b5 23. b4 cxb4 24. axb4 a5 25. bxa5 Ra8 26. Kb2 Rxa5 27. Kb3 Ra8 28. Na2 Bd7 29. Nb4 Be6+ 30. Kb2 Bc4 31. c3 Ra4 32. Rc1 Ra8 33. Kc2 Ra4 34. Kd1 Bb3+ 35. Ke1 Bc4 36. Kf2 Re6 37. g4 Ra8 38. Ke3 g6 39. Kd4 Rf8 40. Ra1 Kb7 41. Rg1 f5 42. gxf5 gxf5 43. Rg7+ Kb6 44. Ke3 fxe4 45. fxe4 Rfe8 46. Rd4 d5 47. Rg4 dxe4 48. Rgxe4 Kc5 49. Na6+ Kb6 50. Nb4 Rxe4+ 51. Rxe4 Rxe4+ 52. Kxe4 Kc5 53. Na6+ Kb6 54. Nb4 Kc5 55. Na6+ Kb6 56. Nb4 1/2-1/2

[Event "Titled Tuesday intern op 28th Jan Early"]
[Site "Chess.com INT"]
[Date "2025.01.28"]
[Round "5"]
[White "Sabatier, Mathis"]
[Black "Adireddy, Arjun"]
[Result "1-0"]
[WhiteElo "2211"]
[BlackElo "2326"]
[PlyCount "59"]
[EventDate "2025.01.28"]
[EventType "swiss (blitz)"]
[EventRounds "11"]
[EventCountry "USA"]
[SourceTitle "CB06_2025"]
[SourceDate "2025.02.05"]
[SourceVersion "1"]
[SourceVersionDate "2025.02.05"]
[SourceQuality "1"]

1. e4 c5 2. Nf3 e6 3. c3 Nf6 4. e5 Nd5 5. a3 Nc6 6. d4 cxd4 7. c4 Nb6 8. b4 d5 9. b5 Na5 10. cxd5 Qxd5 11. Bd3 Nac4 12. 0-0 Nxe5 13. Nxe5 Qxe5 14. Re1 Qd6 15. Nd2 Be7 16. Ne4 Qd5 17. a4 0-0 18. a5 Nd7 19. Bb2 Ne5 20. Bc2 d3 21. Bb3 Qxb5 22. Nc3 Qc6 23. Rxe5 Bf6 24. Ba4 Qc7 25. Rh5 Bxc3 26. Rc1 Qf4 27. Bxc3 b6 28. Bc6 Ba6 29. Be5 Qb4 30. Rg5 1-0

[Event "Titled Tuesday intern op 28th Jan Early"]
[Site "Chess.com INT"]
[Date "2025.01.28"]
[Round "9"]
[White "Sabatier, Mathis"]
[Black "Purtseladze, Maka"]
[Result "1-0"]
[WhiteElo "2211"]
[BlackElo "2261"]
[PlyCount "50"]
[EventDate "2025.01.28"]
[EventType "swiss (blitz)"]
[EventRounds "11"]
[EventCountry "USA"]
[SourceTitle "CB06_2025"]
[SourceDate "2025.02.05"]
[SourceVersion "1"]
[SourceVersionDate "2025.02.05"]
[SourceQuality "1"]

1. d4 c5 2. d5 g6 3. c4 Bg7 4. Nc3 d6 5. e4 Bxc3+ 6. bxc3 e5 7. Ne2 h5 8. h4 f6 9. Ng3 Kd7 10. Be2 Kc7 11. 0-0 Nh6 12. f4 Nd7 13. f5 Nf8 14. fxg6 Nxg6 15. Nxh5 Nxh4 16. Rxf6 Ng8 17. Rf7+ Bd7 18. Bg4 Ne7 19. Bg5 Nhg6 20. Ng7 Rc8 21. Bf5 Kb8 22. Bxg6 Nxg6 23. Bxd8 Rcxd8 24. Ne6 Bxe6 25. dxe6 Nf4 1-0

[Event "Titled Tuesday intern op 28th Jan Early"]
[Site "Chess.com INT"]
[Date "2025.01.28"]
[Round "4"]
[White "Silva, Pedro Gil Ferreira"]
[Black "Sabatier, Mathis"]
[Result "1/2-1/2"]
[WhiteElo "2223"]
[BlackElo "2211"]
[PlyCount "131"]
[EventDate "2025.01.28"]
[EventType "swiss (blitz)"]
[EventRounds "11"]
[EventCountry "USA"]
[SourceTitle "CB06_2025"]
[SourceDate "2025.02.05"]
[SourceVersion "1"]
[SourceVersionDate "2025.02.05"]
[SourceQuality "1"]

1. e4 e5 2. Nf3 Nc6 3. Bb5 a6 4. Bxc6 dxc6 5. 0-0 Bg4 6. d3 Qf6 7. Nbd2 g5 8. h3 h5 9. Nc4 Bxf3 10. Qxf3 Qxf3 11. gxf3 f6 12. Be3 Ne7 13. a4 Ng6 14. d4 Bd6 15. c3 Nh4 16. Nd2 Kf7 17. Rfd1 Rad8 18. Kf1 Ng6 19. Ke2 b6 20. Nc4 exd4 21. cxd4 Bf4 22. Rac1 Bxe3 23. fxe3 c5 24. dxc5 bxc5 25. Na5 Ne5 26. Rxd8 Rxd8 27. Rxc5 Rd7 28. Nc6 Ng6 29. Nd4 Ne5 30. b4 g4 31. hxg4 hxg4 32. fxg4 Nxg4 33. b5 axb5 34. Rxb5 Kg6 35. a5 Rh7 36. Nf3 c6 37. Rc5 Ra7 38. e5 fxe5 39. Nxe5+ Nxe5 40. Rxe5 Kf6 41. Rc5 Ke6 42. Kd3 Kd6 43. Kd4 Rh7 44. e4 Re7 45. e5+ Kc7 46. Ke4 Kb7 47. Kf5 Kc7 48. e6 Kd6 49. Rc2 Rxe6 50. a6 Re7 51. Ra2 Ra7 52. Ke4 c5 53. Rd2+ Kc6 54. Rh2 Rxa6 55. Kd3 Kb5 56. Kc3 Ra3+ 57. Kb2 Rg3 58. Rh8 Kc4 59. Rh4+ Kb5 60. Kc2 c4 61. Rh8 Kb4 62. Rb8+ Kc5 63. Rc8+ Kb4 64. Rb8+ Kc5 65. Rc8+ Kb4 66. Rb8+ 1/2-1/2

[Event "Titled Tuesday intern op 21st Jan Late"]
[Site "Chess.com INT"]
[Date "2025.01.21"]
[Round "6"]
[White "Barria Zuniga, Daniel"]
[Black "Sabatier, Mathis"]
[Result "1-0"]
[WhiteElo "2341"]
[BlackElo "2211"]
[PlyCount "139"]
[EventDate "2025.01.21"]
[EventType "swiss (blitz)"]
[EventRounds "11"]
[EventCountry "USA"]
[SourceTitle "CB05_2025"]
[SourceDate "2025.01.29"]
[SourceVersion "1"]
[SourceVersionDate "2025.01.29"]
[SourceQuality "1"]

1. d4 d5 2. c4 dxc4 3. Nf3 b5 4. e3 e6 5. a4 c6 6. b3 Bb4+ 7. Bd2 Bxd2+ 8. Nfxd2 cxb3 9. axb5 b2 10. Ra2 Nf6 11. Rxb2 0-0 12. Qa4 cxb5 13. Bxb5 Bb7 14. 0-0 Qd5 15. f3 Qg5 16. Re1 Nd5 17. Ne4 Qh6 18. Qa3 Bc6 19. Bf1 Nd7 20. Qd6 Rac8 21. Ba6 Rc7 22. Rc2 Nxe3 23. Rxc6 Rxc6 24. Qxc6 Nb6 25. Qc1 Nbd5 26. Nbc3 Qg6 27. Rxe3 Nxe3 28. Qxe3 Rb8 29. Bf1 h6 30. d5 exd5 31. Nxd5 Qe6 32. Nf4 Qe7 33. Nd5 Qe6 34. Qxa7 Re8 35. Nc7 Qe7 36. Qc5 Qxc5+ 37. Nxc5 Rc8 38. N7a6 Kf8 39. Ne4 Ke7 40. Nb4 f5 41. Ng3 Rc4 42. Nd5+ Kd6 43. Ne3 Rc1 44. Nexf5+ Ke5 45. Nxg7 Kf4 46. N7h5+ Kg5 47. h3 Ra1 48. Kf2 Ra2+ 49. Be2 Rb2 50. f4+ Kh4 51. f5 Rb6 52. f6 Rxf6+ 53. Nxf6 Kg5 54. Nfe4+ Kf4 55. Nd2 h5 56. Ndf1 h4 57. Nh1 Kg5 58. Bd1 Kf4 59. Kg1 Kg5 60. Kh2 Kf4 61. Bg4 Kg5 62. Nd2 Kf4 63. Nf3 Ke3 64. Nxh4 Kf4 65. g3+ Kg5 66. Ng2 Kh6 67. Bd1 Kg5 68. Ne1 Kh6 69. Nf2 Kg5 70. Nfd3 1-0